00769nam a2200193 i 4500001000700000003000700007005001700014008004100031080001700072100002200089245019800111250002400309260003600333300002200369490002200391650003500413830002200448852010500470183404SpMaBN20250902054527.0170323s1971 sp |||| | spa d a658.5(088.3)1 aTownsend, Robert.10aArriba la organización b: cómo evitar que la organización ahogue a los empleados y se coma los beneficios / cRobert Townsend ; [edición traducida y revisada por Jaime Nonell Fortuny]. a3ª ed. rev. y amp. aBarcelona : bGrijalbo, c1971. a280 p. ; c20 cm.1 aColección Norte 7aDirección de empresas2embne0 aColección Norte aES-MaACLjL-31308 z- enc. cart. z. - Donat. herederos de la bibl. de Mª del Pilar Costa Palacín